Malaise dans la démocratie (notice n° 1625179)
[ vue normale ]
| 000 -LEADER | |
|---|---|
| fixed length control field | 00732cam a2200157 4500500 |
| 005 - DATE AND TIME OF LATEST TRANSACTION | |
| control field | 20260111093032.0 |
| 041 ## - LANGUAGE CODE | |
| Language code of text/sound track or separate title | fre |
| 042 ## - AUTHENTICATION CODE | |
| Authentication code | dc |
| 100 10 - MAIN ENTRY--PERSONAL NAME | |
| Personal name | Schmid, Lucile |
| Relator term | author |
| 245 00 - TITLE STATEMENT | |
| Title | Malaise dans la démocratie |
| 260 ## - PUBLICATION, DISTRIBUTION, ETC. | |
| Date of publication, distribution, etc. | 2016.<br/> |
| 500 ## - GENERAL NOTE | |
| General note | 71 |
| 520 ## - SUMMARY, ETC. | |
| Summary, etc. | La régulation du secteur du livre, en France, est simple et efficace : l’éditeur fixe le prix du livre, tandis qu’un mécanisme de médiation permet au marché de s’adapter au numérique. Ce modèle pourrait servir au secteur audiovisuel et réfuter les dogmes du libéralisme. |
| 786 0# - DATA SOURCE ENTRY | |
| Note | Esprit | Mai | 5 | 2016-05-10 | p. 121l-158l | 0014-0759 |
| 856 41 - ELECTRONIC LOCATION AND ACCESS | |
| Uniform Resource Identifier | <a href="https://shs.cairn.info/revue-esprit-2016-5-page-121l?lang=fr&redirect-ssocas=7080">https://shs.cairn.info/revue-esprit-2016-5-page-121l?lang=fr&redirect-ssocas=7080</a> |
Pas d'exemplaire disponible.




Réseaux sociaux